书目信息 |
| 题名: |
经济学原理
|
|
| 作者: | 王庆春 主编 | |
| 分册: | ||
| 出版信息: | 重庆 重庆大学出版社 2006.08 |
|
| 页数: | 252页 | |
| 开本: | 23cm | |
| 丛书名: | 高职高专财经类系列教材 | |
| 单 册: | ||
| 中图分类: | F0 | |
| 科图分类: | ||
| 主题词: | 经济学--jing ji xue--高等学校--技术学校--教材 | |
| 电子资源: | ||
| ISBN: | 7-5624-3779-3 | |
| 000 | 00923nam 2200253 450 | |
| 001 | 012007866719 | |
| 005 | 20070518163833.98 | |
| 010 | @a7-5624-3779-3@dCNY21.00 | |
| 100 | @a20070310d2006 km y0chiy0120 ea | |
| 101 | 0 | @achi |
| 102 | @aCN@b510000 | |
| 105 | @ay a 000yy | |
| 200 | 1 | @a经济学原理@Ajing ji xue yuan li@f王庆春主编@Fwang qing chun zhu bian |
| 210 | @a重庆@c重庆大学出版社@d2006.08 | |
| 215 | @a252页@d23cm | |
| 225 | 2 | @a高职高专财经类系列教材@Agao zhi gao zhuan cai jing lei xi lie jiao cai |
| 320 | @a有书目。 | |
| 330 | @a本书共分为微观经济与宏观经济两大部分,主要包括导论、价格理论与弹性理论、效用理论、生产理论、成本理论、市场理论、分配理论、市场失灵与微观经济政策等。 | |
| 410 | 0 | @12001 @a高职高专财经类系列教材 |
| 606 | 0 | @a经济学@Ajing ji xue@x高等学校@x技术学校@j教材 |
| 690 | @aF0@v4 | |
| 701 | 0 | @a王庆春@Awang qing chun@4主编 |
| 801 | 0 | @aCN@c20070518 |
| 905 | @a10447@dF0@eW310 | |
| 经济学原理/王庆春主编.-重庆:重庆大学出版社,2006.08 |
| 252页;23cm.-(高职高专财经类系列教材) |
| ISBN 7-5624-3779-3:CNY21.00 |
| 本书共分为微观经济与宏观经济两大部分,主要包括导论、价格理论与弹性理论、效用理论、生产理论、成本理论、市场理论、分配理论、市场失灵与微观经济政策等。 |
| ● |
| 相关链接 |
|
|
|
正题名:经济学原理
索取号:F0/W310
 
预约/预借
| 序号 | 登录号 | 条形码 | 馆藏地/架位号 | 状态 | 备注 |
| 1 | 236804 | 202368044 | 社科库409/409社科库 61排3列2层/ [索取号:F0/W310] | 在馆 | |
| 2 | 236805 | 202368053 | 社科库409/409社科库 61排3列2层/ [索取号:F0/W310] | 在馆 |